MARC

LEADER 00000nam0a2200000 4500
001 113387
005 20231101215125.0
035 |a (RuTPU)RU\TPU\book\122630 
090 |a 113387 
100 |a 20070410d1967 m y0rusy50 ca 
101 0 |a rus 
102 |a RU 
105 |a a z 000zy 
200 1 |a Неман! Неман! Я - Дунай!  |f В. П. Агафонов  |g [беседовал] А. П. Ланщиков 
210 |a Москва  |c Воениздат  |d 1967 
215 |a 192 с.  |c ил. 
225 1 |a Военные мемуары 
606 1 |a Великая Отечественная война 1941-1945  |2 stltpush  |3 (RuTPU)RU\TPU\subj\66603  |9 82654 
610 1 |a история 
610 1 |a связисты 
610 1 |a связисты-ветераны 
610 1 |a воспоминания 
686 |a Т3(2)622  |2 rubbk 
700 1 |a Агафонов  |b В. П.  |g Василий Прохорович 
702 1 |a Ланщиков  |b А. П.  |4 470 
801 1 |a RU  |b 63413507  |c 20070410  |g PSBO 
801 2 |a RU  |b 63413507  |c 20180517  |g PSBO 
942 |c BK